Statistics for Cities on a Map of the Great Lakes

Click here to take the quiz!

General Stats

  • This quiz has been taken 37,129 times
    (11,529 since last reset)
  • The average score is 11 of 20

Answers on the Map

Answers color-coded by a green-red scale on the quiz's map according to % correct below.
 

Answer Stats

PopulationCity% Correct
2,665,039Chicago
98%
2,794,356Toronto
95%
620,376Detroit
93%
276,486Buffalo
81%
361,607Cleveland
80%
563,305Milwaukee
80%
106,095Green Bay
62%
93,511Erie
55%
266,301Toledo
53%
209,352Rochester
49%
86,619Duluth
47%
229,660Windsor
44%
569,353Hamilton
41%
72,051Sault Ste. Marie
39%
108,843Thunder Bay
38%
32,268Bay City
25%
20,786Marquette
24%
15,671Traverse City
24%
132,485Kingston
23%
38,220Muskegon
18%

Score Distribution

Percentile by Number Answered

Percent of People with Each Score

Your Score History

You have not taken this quiz since the last reset